Pays d'Amérique - Statistiques

Statistiques générales
  • Ce quiz a été pris 60 fois
  • Le résultat moyen est 28 sur 34
Statistiques - réponses
Réponse % Correct
Canada
100%
Etats unis
100%
Mexique
96%
Bresil
94%
Colombie
94%
Uruguay
94%
Chili
93%
Paraguay
93%
Argentine
89%
Cuba
89%
Equateur
87%
Venezuela
87%
Bolivie
85%
Honduras
85%
Costa Rica
83%
Guatemala
83%
Guyana
81%
Perou
81%
Salvador
81%
Haiti
80%
Republique Dominicaine
80%
Belize
78%
Nicaragua
78%
Suriname
78%
Jamaique
74%
Bahamas
72%
Sainte Lucie
70%
Barbade
69%
Dominique
69%
Saint Christophe
69%
Saint Vincent
65%
Antigua
61%
Grenade
61%
Trinite
54%
Aucun quiz correspondant
Distribution des résultats
% des personnes avec chaque résultat
Percentile par nombre de réponses
Votre historique - résultats
Vous n’avez pas pris ce quiz